Nguyên lí của các ngôn ngữ lập trình : Thiết kế, đánh giá và cài đặt
Nội dung sách dạy các kĩ năng cần thiết cho việc thiết kế và cài đặt các ngôn ngữ lập trình như: bộ thông dịch giả lệnh, nhấn mạnh vào tính hiệu quả Fortran, thanh nhã và tổng quát Algol-60. Các vấn đề cú pháp Algo-60, tính năng cơ bản của...
שמור ב:
| מחבר ראשי: | |
|---|---|
| פורמט: | ספר |
| שפה: | Undetermined |
| יצא לאור: |
Hà Nội
Viện Khoa học Việt Nam
1993
|
| נושאים: | |
| תגים: |
הוספת תג
אין תגיות, היה/י הראשונ/ה לתייג את הרשומה!
|
| Thư viện lưu trữ: | Trung tâm Học liệu Trường Đại học Cần Thơ |
|---|
| LEADER | 01110nam a2200205Ia 4500 | ||
|---|---|---|---|
| 001 | CTU_232679 | ||
| 008 | 210402s9999 xx 000 0 und d | ||
| 082 | |a 005.13 | ||
| 082 | |b M164 | ||
| 100 | |a MacLennan, Bruce J. | ||
| 245 | 0 | |a Nguyên lí của các ngôn ngữ lập trình : | |
| 245 | 0 | |b Thiết kế, đánh giá và cài đặt | |
| 245 | 0 | |c Bruce J. MacLennan ; Ngô Trung Việt (dịch) | |
| 260 | |a Hà Nội | ||
| 260 | |b Viện Khoa học Việt Nam | ||
| 260 | |c 1993 | ||
| 520 | |a Nội dung sách dạy các kĩ năng cần thiết cho việc thiết kế và cài đặt các ngôn ngữ lập trình như: bộ thông dịch giả lệnh, nhấn mạnh vào tính hiệu quả Fortran, thanh nhã và tổng quát Algol-60. Các vấn đề cú pháp Algo-60, tính năng cơ bản của Pascal... | ||
| 650 | |a Ngông ngữ lập trinh (máy tính điện tử),Programming languages (Electronic computers) | ||
| 910 | |b dqhieu | ||
| 980 | |a Trung tâm Học liệu Trường Đại học Cần Thơ | ||